Escándalos éticos (Registro nro. 356)

Detalles MARC
000 -LEADER
fixed length control field 00919 a2200217 4500
001 - CONTROL NUMBER
control field 3771
005 - DATE AND TIME OF LATEST TRANSACTION
control field 20260407155430.0
008 - FIXED-LENGTH DATA ELEMENTS--GENERAL INFORMATION
fixed length control field 260407a2011 arg spa d
003 - CONTROL NUMBER IDENTIFIER
control field AR-UNSa-BCEJYS
040 ## - CATALOGING SOURCE
Original cataloging agency AR-UNSa-BCEJYS
Language of cataloging spa
Transcribing agency AR-UNSa-BCEJYS
080 ## - UNIVERSAL DECIMAL CLASSIFICATION NUMBER
Universal Decimal Classification number 17
Common auxiliary subdivision Filosofía moral. Ética. Filosofía práctica
020 ## - INTERNATIONAL STANDARD BOOK NUMBER
International Standard Book Number 978-950-9445-89-5
100 1# - MAIN ENTRY--PERSONAL NAME
Personal name Kliksberg, Bernardo
245 10 - TITLE STATEMENT
Title Escándalos éticos
264 #1 - PRODUCTION, PUBLICATION, DISTRIBUTION, MANUFACTURE, AND COPYRIGHT NOTICE
Place of production, publication, distribution, manufacture Buenos Aires :
Name of producer, publisher, distributor, manufacturer Temas Grupo Editorial
Date of production, publication, distribution, manufacture, or copyright notice 2011
300 ## - PHYSICAL DESCRIPTION
Extent 336 p.
Dimensions 22 cm.
505 ## - FORMATTED CONTENTS NOTE
Formatted contents note 1. ¿Por qué cayó la economía mundial? Acerca de los vacíos éticos - 2. Las caras de la pobreza - 3. Discriminaciones e inequidades - 4. Con la naturaleza no se negocia - 5. Propuestas para una sociedad inclusiva
590 ## - LOCAL NOTE (RLIN)
Local note niveau_biblio:m niveau_hierar:0
856 41 - ELECTRONIC LOCATION AND ACCESS
Uniform Resource Identifier <a href="https://biblioeco.unsa.edu.ar/pmb/images/libros/Escandalos Eticos-l117916.jpg">https://biblioeco.unsa.edu.ar/pmb/images/libros/Escandalos Eticos-l117916.jpg</a>
Link text Imagen de portada
Electronic format type image/jpeg
942 ## - ADDED ENTRY ELEMENTS (KOHA)
Koha item type
Existencias
Withdrawn status Lost status Damaged status Not for loan Home library Current library Shelving location Date acquired Total checkouts Full call number Barcode Date last seen Price effective from Koha item type
        Biblioteca Prof. Eusebio Cleto del Rey Biblioteca Prof. Eusebio Cleto del Rey   07/04/2026   17 K65e L117916 07/04/2026 07/04/2026 Libro
        Biblioteca Prof. Eusebio Cleto del Rey Biblioteca Prof. Eusebio Cleto del Rey   07/04/2026   17 K65e L129286 07/04/2026 07/04/2026 Libro